[Event "4NCL Division 1d"]
[Site "Telford, ENG"]
[Date "2018.05.07"]
[Round "11.53"]
[White "Ashton, Adam G"]
[Black "Bates, Richard A"]
[Result "1/2-1/2"]
[WhiteElo "2364"]
[BlackElo "2362"]
[PlyCount "93"]
[EventDate "2018.05.07"]
[WhiteTeam "3Cs 1"]
[BlackTeam "Blackthorne Russia"]

1. e4 c5 2. Nf3 d6 3. Bb5+ Nd7 4. c3 Ngf6 5. Qe2 a6 6. Ba4 b5 7. Bc2 Bb7 8. O-O
Qc7 9. a4 bxa4 10. Rxa4 e6 11. d4 Be7 12. Re1 d5 13. e5 Ne4 14. Nbd2 cxd4 15.
Nxe4 dxe4 16. Bxe4 dxc3 17. Rc4 Qb8 18. bxc3 Bxe4 19. Qxe4 O-O 20. Bg5 Qd8 21.
h4 h6 22. Bd2 Nc5 23. Qg4 Kh7 24. Rd4 Qc7 25. Be3 Rad8 26. Rc4 Rd5 27. Qh5 f5
28. Rb1 Qd7 29. Rb6 Nd3 30. Rxa6 Nxe5 31. Nxe5 Rxe5 32. Ra7 Qe8 33. Qxe8 Rxe8
34. Rcc7 Bf6 35. g3 Rb5 36. c4 Rb1+ 37. Kg2 e5 38. c5 Rb4 39. Kf3 Rc4 40. h5 f4
41. gxf4 exf4 42. Bxf4 Bd4 43. Be3 Rc3 44. Kg4 Re4+ 45. Kf5 Re5+ 46. Kf4 Rexc5
47. Rxc5 1/2-1/2

[Event "4NCL Division 1d"]
[Site "Telford, ENG"]
[Date "2018.05.07"]
[Round "11.61"]
[White "Carleton, John J"]
[Black "Rudd, Jack"]
[Result "1/2-1/2"]
[WhiteElo "2258"]
[BlackElo "2273"]
[PlyCount "85"]
[EventDate "2018.05.07"]
[WhiteTeam "Spirit of Atticus A"]
[BlackTeam "West is Best 1"]

1. d4 Nf6 2. c4 e6 3. Nc3 Bb4 4. e3 b6 5. Nge2 Ba6 6. a3 Be7 7. b3 d5 8. Bb2
O-O 9. Ng3 Re8 10. Be2 c6 11. O-O Nbd7 12. e4 dxe4 13. Ngxe4 c5 14. dxc5 Nxc5
15. Nxc5 Bxc5 16. Bf3 Rc8 17. Qe2 Nd5 18. Qd2 Ne7 19. Rfd1 Nf5 20. Ne4 Bf8 21.
g3 Qxd2 22. Rxd2 b5 23. cxb5 Bxb5 24. Nc3 Bc6 25. Bxc6 Rxc6 26. Nb5 Rb6 27. Nd4
Nxd4 28. Bxd4 Rxb3 29. Bxa7 Rxa3 30. Rxa3 Bxa3 31. Rd7 Rc8 32. Be3 Kf8 33. Kg2
Ke8 34. Ra7 Be7 35. Kf3 f6 36. g4 Rc4 37. h3 Kf7 38. Rb7 e5 39. g5 f5 40. g6+
Ke6 41. Rb6+ Kd5 42. Rb5+ Ke6 43. Rb6+ 1/2-1/2

[Event "4NCL Division 1d"]
[Site "Telford, ENG"]
[Date "2018.05.07"]
[Round "11.68"]
[White "Phillips, Roy"]
[Black "Savidge, Daniel"]
[Result "1/2-1/2"]
[WhiteElo "2170"]
[BlackElo "2057"]
[PlyCount "31"]
[EventDate "2018.05.07"]
[WhiteTeam "West is Best 1"]
[BlackTeam "Spirit of Atticus A"]

1. g3 f5 2. Bg2 Nf6 3. Nf3 g6 4. d3 Bg7 5. O-O O-O 6. Nbd2 d6 7. e4 e5 8. exf5
gxf5 9. c3 Kh8 10. Nc4 Nc6 11. d4 Be6 12. dxe5 Ne4 13. Ncd2 Nxd2 14. Bxd2 dxe5
15. Qe2 a6 16. Bf4 1/2-1/2